50 Automodelle aus Europa (außer Deutschland) - Statistiken

Allgemein
  • Dieses Quiz wurde 79 mal gespielt
  • Das Durchschnittsergebnis liegt bei 16 aus 50
Antwortstatistiken
Land Marke Modell % Korrekt
Italien Fiat 500
81%
Spanien Seat Ibiza
78%
Spanien Seat Leon
72%
Rumänien Dacia Duster
67%
Frankreich Citroen C4
61%
Frankreich Renault Clio
61%
Frankreich Renault Megane
61%
Tschechien Skoda Fabia
60%
Tschechien Skoda Octavia
60%
Frankreich Citroen C3
57%
Italien Fiat Panda
46%
Rumänien Dacia Sandero
46%
Italien Fiat Punto
45%
Frankreich Renault Twingo
43%
UK Rolls Royce Ghost
42%
Tschechien Skoda Superb
40%
UK Rolls Royce Phantom
39%
Italien Alfa Romeo Giulia
37%
Frankreich Peugeot 208
36%
UK Land Rover Defender
36%
Frankreich Renault Captur
33%
Frankreich Peugeot 308
31%
Schweden Volvo XC60
31%
UK Jaguar F-Type
30%
Rumänien Dacia Logan
30%
Frankreich Peugeot 2008
27%
Spanien Seat Ateca
27%
Frankreich Peugeot 3008
25%
Tschechien Skoda Scala
25%
Italien Fiat 600
19%
Tschechien Skoda Citigo
19%
UK Land Rover Discovery
19%
Spanien Seat Mii
19%
Spanien Seat Arona
18%
Schweden Volvo V40
18%
Frankreich Renault Zoe
16%
Italien Alfa Romeo Giulietta
15%
Rumänien Dacia Jogger
15%
Frankreich Renault Talisman
13%
Italien Fiat Tipo
13%
Frankreich Citroen Berlingo
12%
Tschechien Skoda Enyaq
12%
Italien Fiat Multipla
10%
UK Jaguar E-Pace
9%
Rumänien Dacia Lodgy
7%
Rumänien Dacia Spring
7%
Italien Alfa Romeo Spider
6%
Italien Lancia Ypsilon
6%
Spanien Seat Tarraco
4%
Schweden Volvo EX90
1%
Keine übereinstimmenden Quizze gefunden
Verteilung der Resultate
Anzahl Personen mit jedem Resultat
Perzentil nach korrekt beantworteten Fragen
Ihre Resultats-Entwicklung
Sie haben dieses Quiz noch nicht gespielt